00226nam a2200085Ia 4500001000800000005001700008008004100025245004900066260002500115120640220251010143408.0250824s9999 xx 000 0 und d 0aAYRILIK SEVDAYA DAHİL cATTİLA İLHAN bKÜLTÜR YAYINLARI